[Event "10° Usciamo dallo Stallo"]
[Site "Falconara Marittima, Italy"]
[Date "2026.01.05"]
[Round "3.2"]
[White "Rago, Riccardo"]
[Black "Borgiani, Flavio"]
[Result "1-0"]
[WhiteElo "2010"]
[BlackElo "2038"]
[PlyCount "87"]
[EventDate "2026.??.??"]

1. d4 Nf6 2. Nf3 e6 3. c4 c5 4. e3 d5 5. Nc3 Nc6 6. Be2 a6 7. dxc5 Bxc5 8. a3 O-O 9. O-O dxc4 10. Bxc4 Qc7 11. Qc2 Bd7 12. Rd1 Rac8 13. Be2 Ba7 14. Bd2 Rfd8 15. Rac1 Qb8 16. Qb1 Be8 17. Ne4 Nxe4 18. Qxe4 Ne7 19. Bc3 Bc6 20. Qg4 Ng6 21. h4 Rxd1+ 22. Rxd1 Bc5 23. h5 f5 24. Qc4 Nf8 25. Be5 Qa7 26. Qf4 b5 27. b4 Bb6 28. Nd4 Ba8 29. Bf3 Qf7 30. Bxa8 Rxa8 31. Qf3 Rc8 32. Nb3 h6 33. Ba1 Nh7 34. Qe2 Nf6 35. Rd6 Nd5 36. Qb2 Rd8 37. Rxe6 Rd7 38. Rg6 f4 39. e4 Bxf2+ 40. Kxf2 Nc7 41. Nc5 Re7 42. Qd4 Qa2+ 43. Bb2 Ne8 44. Qd5+ 1-0